书目信息 |
| 题名: |
世界历史
|
|
| 作者: | ;人民教育出版社历史室 编著 | |
| 分册: | 第一册 | |
| 出版信息: | 北京 人民教育出版社 1994 |
|
| 页数: | 197页 | |
| 开本: | 26cm | |
| 丛书名: | ||
| 单 册: | ||
| 中图分类: | G634.521 , G634.52 | |
| 科图分类: | ||
| 主题词: | 世界史课--初中--教材 | |
| 电子资源: | ||
| ISBN: | 7-107-02298-9 | |
| 000 | 00873nam0 2200253 450 | |
| 001 | CAL 012000505227 | |
| 005 | 20070720092204.67 | |
| 010 | @a7-107-02298-9@dCNY10.45 | |
| 100 | @a19970310e1994 ekmy0chiy0120 ea | |
| 101 | 0 | @achi |
| 102 | @aCN@b110000 | |
| 105 | @aabfkz 000yy | |
| 200 | 1 | @a世界历史@Ashi jie li shi@h第一册@f人民教育出版社历史室编著@Fren min jiao yu chu ban she li shi shi bian zhu |
| 210 | @a北京@c人民教育出版社@d1994 | |
| 215 | @a197页@c图@d26cm | |
| 300 | @a经国家教委中小学教材审定委员会审查试用 | |
| 300 | @a九年义务教育三年制初级中学教科书 | |
| 314 | @a本书由人民教育出版社历史室编著,王宏志、严志梁主编。 | |
| 606 | 0 | @a世界史课@x初中@j教材 |
| 690 | @aG634.521@v4 | |
| 690 | @aG634.52@v3 | |
| 711 | 02 | @a人民教育出版社历史室@Aren min jiao yu chu ban she li shi shi@4编著 |
| 801 | 0 | @aCN@bPFT@c20070720 |
| 905 | @a10447@dG634.52@e507:1 | |
| 世界历史.第一册/人民教育出版社历史室编著.-北京:人民教育出版社,1994 |
| 197页:图;26cm |
| 经国家教委中小学教材审定委员会审查试用.-九年义务教育三年制初级中学教科书 |
| ISBN 7-107-02298-9:CNY10.45 |
| ● |
| 相关链接 |
|
|
|
|
正题名:世界历史
索取号:G634.52/507:1
 
预约/预借
| 序号 | 登录号 | 条形码 | 馆藏地/架位号 | 状态 | 备注 |
| 1 | 0407284 | 204072840 | 密集书库/ [索取号:G634.52/507:1] | 在馆 | |
| 2 | 0515229 | 205152298 | 第一样本阅览室/ [索取号:G634.52/507:1] | 在馆 | |
| 3 | 0515230 | 205152305 | 密集书库/ [索取号:G634.52/507:1] | 在馆 | |
| 4 | 0515231 | 205152314 | 密集书库/ [索取号:G634.52/507:1] | 在馆 | |
| 5 | 0515232 | 205152323 | 密集书库/ [索取号:G634.52/507:1] | 在馆 | |
| 6 | 0515233 | 205152332 | 密集书库/ [索取号:G634.52/507:1] | 在馆 | |
| 7 | 0515234 | 205152341 | 密集书库/ [索取号:G634.52/507:1] | 在馆 | |
| 8 | 0515235 | 205152350 | 密集书库/ [索取号:G634.52/507:1] | 在馆 | |
| 9 | 0515236 | 205152369 | 密集书库/ [索取号:G634.52/507:1] | 在馆 | |
| 10 | 0515237 | 205152378 | 密集书库/ [索取号:G634.52/507:1] | 在馆 | |
| 11 | 0515238 | 205152387 | 密集书库/ [索取号:G634.52/507:1] | 在馆 | |
| 12 | 0515239 | 205152396 | 密集书库/ [索取号:G634.52/507:1] | 在馆 | |
| 13 | 0515240 | 205152403 | 密集书库/ [索取号:G634.52/507:1] | 在馆 | |
| 14 | 0770222 | 207702226 | 密集书库/ [索取号:G634.52/507:1] | 在馆 |